Introductionis in u. t. libros sacros compendium S. Theologiae auditoribus accommodatum

I tiakina i:
Ngā taipitopito rārangi puna kōrero
Kaituhi matua: Cornely, Rudolphus (Author)
Hōputu: Pukapuka
Reo:Rātini
I whakaputaina: París P. Lethielleux 1896
Putanga:3a. ed
Ngā marau:
Ngā Tūtohu: Tāpirihia he Tūtohu
Kāore He Tūtohu, Me noho koe te mea tuatahi ki te tūtohu i tēnei pūkete!

MARC

LEADER 00000cam a2200000 a 4500
001 UCD2484
003 CL-VaPUC
008 160428e18960000fr |||||||||||||||||lat|d
082 0 4 |a 220.67  |b COR  |2 21 
100 |a Cornely, Rudolphus  |e author  |9 585570 
245 1 0 |a Introductionis in u. t. libros sacros compendium S. Theologiae auditoribus accommodatum 
250 |a 3a. ed 
300 |a 682 p 
942 |c BK 
945 |d 20160428 21:50:00  |a dcastane 
260 |a París  |b P. Lethielleux  |c 1896 
650 0 |a Biblia  |9 257603 
650 0 |a Antiguo testamento   |9 313678 
650 0 |a Nuevo testamento  |9 257604 
650 0 |a Crítica e interpretación   |9 255042 
583 |a last modification  |c 20160428 21:50:00  |k Rodrigo Vera 
999 |c 363646  |d 363644 
952 |0 0  |1 0  |3 erd  |4 0  |6 220_670000000000000_COR_1896  |7 0  |8 X  |9 476265  |a BIBTEO  |b BIBTEO  |c TEO_FFR  |i 5229200  |o 220.67 COR 1896  |p 5229200  |r 2024-01-18  |w 2019-11-24  |y BK_X  |z Catalogado en:20160428  |k OFM